| 000 | 00902nam a2200229Ia 4500 | ||
|---|---|---|---|
| 003 | OSt | ||
| 005 | 20250410125155.0 | ||
| 008 | 191128s2016 ck b er 000 f spa d | ||
| 020 | _a9789588951263 | ||
| 040 |
_aCO-JMCR _cCO-JMCR |
||
| 041 | _aspa | ||
| 082 | 0 | 4 |
_aA-N _bARAr |
| 100 | 1 |
_aArango, Gustavo, _eautor _96315 |
|
| 245 | 1 | 0 |
_aResplandor / _cGustavo Arango |
| 250 | _a1a. Edición | ||
| 260 |
_aBogotá : _bEdiciones B, _c2016 |
||
| 300 |
_a344 páginas : _b 1 mapa a blanco y negro ; _c 23 cm. |
||
| 500 | _aIncluye datos biográficos del autor en la solapa | ||
| 520 | _aA finales del siglo cuarto (399 d.C.), el monje chino Fa Hsien emprendió uno de los viajes más asombrosos de qu tenga noticia. Partió de Chang-han y, en compañía de otros monjes, se dirigió a la India en busca de los libros de disciplina del budismo. | ||
| 650 | 1 | 6 |
_aNovela histórica _9186 |
| 942 |
_2ddc _cBK |
||
| 999 |
_c4502 _d4502 |
||